000 00687nam 22002053 4500
001 201395
021 _aPT
_b19209/87
090 _a201395
100 _a20260319d u||y0pory50 ba
200 _aA morgadinha dos canaviais de Júlio Dinis
_fcomentado e explicado por Maria José Gonçalves, António Eusébio
210 _aMem Martins
_cEuropa América
_dD.L. 1987
215 _a73, [3] p.
_cbrochado
_d18 cm
225 _aApontamentos Europa América
_h5
606 _93661
_aCrítica Literária.Estudos Literários
675 _a82.09
_vPT
_zpor
700 _916913
_aGonçalves
_bMaria José
701 _916914
_aEusébio
_bAntónio
801 _aPT
_bBMMN
_gRPC
830 _cVanda
990 _cLIVROS